Indiquez la profession des parents ! 19 - Statistiques

Statistiques générales
  • Ce quiz a été pris 5 fois
  • Le résultat moyen est 2 sur 20
Statistiques - réponses
Hint Réponse % Correct
Charlotte Valandrey Développeur de logiciels / Pianiste
50%
Danièle Thompson Réalisateur
50%
Roger Vadim Diplomate
25%
Nina Companeez Réalisateur
25%
Rosy Varte Restaurateurs
25%
Jacques Becker Administrateur / Gérante de msison de couture
0%
Didier van Cauvelaert Avocat
0%
Ophélie Winter Chanteur
0%
Marina Vlady Chanteur d'opéra / Danseuse étoile
0%
Jean-Jacques Annaud Cheminot / Secrétaire
0%
Claude Lelouch Confectionneur
0%
François Truffaut Dessinateur / Secrétaire
0%
Karine Viard Directeur de plateforme pétrolière
0%
Bertrand Tavernir Ecrivain
0%
Odile Vuillemin Ingénieur
0%
Jean-Luc Godard Médecin
0%
Nelly Kaplan Pharmacien
0%
Mathilde Seigner Photographe / Journaliste
0%
Elsa Zylberstein Physicien
0%
Josée Dayan Réalisateur
0%
Aucun quiz correspondant
Distribution des résultats
% des personnes avec chaque résultat
Percentile par nombre de réponses
Votre historique - résultats
Vous n’avez pas pris ce quiz